[Event "POL Youth-ch U20 Girls 2020"]
[Site "Pokrzywna"]
[Date "2020.12.01"]
[Round "3.11"]
[White "Starosta, Martyna"]
[Black "Mirowska, Oliwia"]
[Result "1-0"]
[WhiteElo "2094"]
[BlackElo "1820"]
[Annotator "TA"]
[PlyCount "71"]
[EventDate "2020.11.29"]
[EventType "swiss"]
[EventCountry "POL"]
[SourceTitle "playchess.com"]
[Source "ChessBase"]
[SourceQuality "1"]

{[%evp 11,71,44,52,41,43,12,8,-33,-27,-32,-1,0,31,24,25,4,12,11,35,7,8,-8,0,-42,-13,-13,-17,-17,-29,-25,-23,-22,-27,-78,61,60,64,77,61,66,154,61,56,59,316,316,310,297,322,264,243,210,287,243,278,283,748,748,731,725,713,706]} 1. e4 g6 2. d4 c6 3. c4 Bg7 4. Nc3 d6 5. Be3 Nf6 6. h3 O-O 7. Bd3 {E71: King's Indian: 4 e4 d6 5 h3.} Na6 {[#]} 8. Rc1 $146 ({Predecessor:} 8. e5 Nd7 9. f4 c5 10. Nf3 cxd4 11. Bxd4 dxe5 12. fxe5 Nac5 13. Be4 Ne6 14. Be3 Nxe5 15. Nxe5 Bxe5 {½-½ (26) Salem,A (2675)-Amin,B (2683) Moscow 2019}) 8... e5 9. dxe5 {The position is equal.} dxe5 10. Nf3 Qc7 11. O-O Be6 12. Qe2 Rad8 13. Nd5 ({Wrong is} 13. Bxa7 $2 b6 $19) 13... Qb8 ({Reject} 13... cxd5 $6 14. cxd5 Qd6 15. Bxa6 $16) 14. Nxf6+ Bxf6 15. a3 c5 16. Bb1 Qc7 17. Nh2 Nb8 18. b4 cxb4 19. axb4 Nc6 20. b5 Nd4 21. Bxd4 Rxd4 22. Ba2 (22. c5 $11 {remains equal.}) 22... Rfd8 (22... Qc5 $17) 23. Nf3 $14 Rd3 24. c5 Bxa2 25. Qxa2 Qe7 (25... Qd7 $14) 26. c6 (26. Qxa7 $16 {Strongly threatening c6.} R8d7 27. Qa4) 26... bxc6 $1 27. bxc6 {[%cal Bb5c6,Bc6c7][%mdl 32] c7 is the strong threat.} Rc8 $2 {[%mdl 8192] This costs Black the game.} (27... R3d6 $14) 28. Qa6 $1 $18 {[%csl LRc8,LRd3][%mdl 64] Double Attack} Rdd8 {[#]} 29. c7 $1 {[%cal Rc7d8][%mdl 512]} Re8 (29... Rxc7 30. Rxc7) 30. Rc6 Bg7 31. Qxa7 Qb4 32. Rd1 Qxe4 33. Rcd6 {[#] And now Rd8 would win.} Qb4 $2 (33... Qc2) 34. Rd8 {Hoping for Rxc8.White is clearly winning.} Bf6 35. Rxc8 Rxc8 36. Qa6 $1 {[%csl LRc8,LRf6][%mdl 64] Double Attack.  Weighted Error Value: White=0.21/Black=0.43} 1-0

[Event "POL Youth-ch U20 Girls 2020"]
[Site "Pokrzywna"]
[Date "2020.12.01"]
[Round "3.12"]
[White "Karykowska, Anna"]
[Black "Furtak, Joanna"]
[Result "1/2-1/2"]
[WhiteElo "1979"]
[BlackElo "1837"]
[Annotator "TA"]
[PlyCount "60"]
[EventDate "2020.11.29"]
[EventType "swiss"]
[EventCountry "POL"]
[SourceTitle "playchess.com"]
[Source "ChessBase"]
[SourceQuality "1"]

{[%evp 20,60,50,30,29,31,53,50,53,32,32,-28,-1,-16,18,17,11,3,8,4,15,0,0,0,15,0,20,18,18,19,20,17,17,0,0,0,17,0,0,0,2,8,8]} 1. e4 c5 2. Nf3 Nc6 3. Nc3 e6 4. d4 cxd4 5. Nxd4 Qc7 6. g3 a6 7. Bg2 Nf6 8. O-O Be7 9. Re1 d6 10. Nxc6 bxc6 11. Na4 O-O {B80: Sicilian Scheveningen: 6 g3 and 6 Be3, including English Attack.} 12. c4 e5 13. Qc2 Be6 {[#] White is slightly better.} 14. h3 $146 ({Predecessor:} 14. b3 Nd7 15. Bb2 Rae8 16. c5 d5 17. Rad1 d4 18. Bf1 Bg4 19. Be2 Bxe2 20. Rxe2 {1-0 (37) Zarubitski,V (2415)-Yeremyan,A (2147) Moscow 2019}) 14... Nd7 15. g4 (15. Be3 $14) 15... Rfc8 16. Rd1 {The position is equal.} Nf8 17. c5 dxc5 18. Nxc5 Bxc5 19. Qxc5 Ng6 20. b3 a5 21. Be3 Qb7 22. Rd6 Qb5 23. Rc1 {[%cal Rd6c6]} Qxc5 24. Rxc5 a4 25. bxa4 Rxa4 26. Rdxc6 Rxc6 27. Rxc6 Rxa2 28. Rc5 h6 29. Kh2 Kh7 30. Kg3 f6 {Weighted Error Value: White=0.13/Black=0.08} 1/2-1/2

[Event "POL Youth-ch U20 Girls 2020"]
[Site "Pokrzywna"]
[Date "2020.12.01"]
[Round "3.13"]
[White "Pietrzak, Emilia"]
[Black "Siekanska, Maria"]
[Result "0-1"]
[WhiteElo "1522"]
[BlackElo "1919"]
[Annotator "TA"]
[PlyCount "86"]
[EventDate "2020.11.29"]
[EventType "swiss"]
[EventCountry "POL"]
[SourceTitle "playchess.com"]
[Source "ChessBase"]
[SourceQuality "1"]

{[%evp 9,86,18,18,18,18,6,0,0,61,12,20,12,15,-1,8,0,0,-36,-19,-6,2,3,17,12,23,0,28,-79,-72,-323,-322,-321,-314,-672,-569,-560,-556,-520,-535,-525,-526,-843,-843,-1182,-743,-717,-613,-1087,-756,-731,-723,-774,-774,-747,-741,-1701,-1694,-1644,-1614,-1511,-1410,-1061,-1020,-1706,-1260,-1718,-1574,-1563,-1585,-29976,-29978,-29983,-29984,-5798,-1972,-5369,-5006,-4898,-1729]} 1. e4 c5 2. Nf3 e6 3. b3 d5 4. exd5 exd5 5. Bb5+ Nc6 6. Qe2+ {B40: Sicilian: 2...e6, Unusual lines.} Be6 7. Bxc6+ bxc6 8. Bb2 {The position is equal.} h6 {[#]} (8... Nh6 $11) 9. O-O $146 ({Predecessor:} 9. Ne5 Qd6 10. d3 Be7 11. Nd2 Bf6 12. O-O-O Ne7 13. Kb1 a5 14. a4 O-O 15. Rde1 {½-½ (66) Pein,J (2165)-Jaroch,K (2252) Katowice 2017}) 9... Nf6 $1 10. Ne5 {Hoping for f4.} Bd6 $1 11. Nxc6 Qc7 12. Ne5 O-O $1 13. Nf3 d4 {[%mdl 1024] Black has compensation.} 14. Na3 Qb7 15. Nc4 Bc7 16. Ba3 Qd5 17. Rfe1 Bg4 18. h3 (18. Qe7 $11 {keeps the balance.} Rac8 19. Nfe5) 18... Rfe8 19. Qf1 $2 {[%mdl 8192] Now White is beyond hope.} (19. Qd3 $17 {keeps fighting.} Bf5 20. Rxe8+ Rxe8 21. Qf1) 19... Bxf3 $19 20. gxf3 {[#]} Nh5 $1 {[%cal Rh5f4] White must now prevent ...Nf4.} 21. Nb2 $2 (21. Re4 Nf4 22. Rae1 Rxe4 23. Rxe4) 21... Qd6 {[%csl Gc7][%cal Rd6h2]} 22. Qg2 {intending Nd3.} Nf4 23. Qg3 Qa6 {And now ...Ne2+ would win.} ({Less strong is} 23... Ne2+ 24. Rxe2 Rxe2 25. Qxd6 $17) 24. Qg4 Qxa3 25. Nc4 Qa6 26. Re4 Rxe4 27. fxe4 d3 28. c3 Re8 29. Qf3 Qg6+ 30. Kf1 Rxe4 31. Ne3 Re6 32. Nd5 Nxd5 33. Qxd5 Re2 34. Qf3 Rxd2 35. Re1 Kh7 36. a4 Bh2 {[%csl Gh2][%cal Rg6g1] [#]} 37. Qg4 Qxg4 38. hxg4 {[%mdl 4096] Endgame KRB-KR} Rc2 39. c4 d2 40. Rd1 Rc1 41. Ke2 Bf4 {Black is clearly winning.} 42. a5 a6 {( -> ...Rxd1)} 43. f3 Kh8 {Weighted Error Value: White=0.87/Black=0.30} 0-1

[Event "POL Youth-ch U20 Girls 2020"]
[Site "Pokrzywna"]
[Date "2020.12.01"]
[Round "3.14"]
[White "Zabrzanska, Weronika"]
[Black "Barwinska, Ewa"]
[Result "1-0"]
[WhiteElo "1849"]
[BlackElo "1731"]
[Annotator "NA RC"]
[PlyCount "77"]
[EventDate "2020.11.29"]
[EventType "swiss"]
[EventCountry "POL"]
[SourceTitle "playchess.com"]
[Source "ChessBase"]
[SourceQuality "1"]
[TimeControl "40/5400+30:1800+30"]

1. e4 c5 2. Nc3 Nc6 3. Nf3 e6 4. d4 cxd4 5. Nxd4 Nf6 6. Nxc6 bxc6 7. e5 Nd5 8. Nxd5 cxd5 9. Be3 Qc7 10. Bd4 Bc5 11. c3 Rb8 12. b3 Bxd4 13. Qxd4 Qa5 14. Bd3 Rxb3 15. O-O Rxc3 16. h4 Rxd3 17. Qxd3 Ba6 18. Qg3 O-O 19. Rfd1 Qa4 20. Qe3 Qxh4 21. Qxa7 Bb5 22. Rdb1 Qa4 23. Qc5 Bc6 24. Rb4 Qa6 25. Rab1 h6 26. Qc2 Qa7 27. Qb2 Kh7 28. Qc2+ Kg8 29. Qb3 Kh7 30. Qd3+ Kg8 31. R1b2 Rc8 32. Qg3 Rf8 33. Rg4 g6 34. Rbb4 Kh7 35. Rh4 Rh8 36. Qf4 Kg7 37. Qf6+ Kg8 38. Rhf4 d6 39. Rb8+ 1-0

[Event "POL Youth-ch U20 Girls 2020"]
[Site "Pokrzywna"]
[Date "2020.12.01"]
[Round "3.15"]
[White "Siekanska, Zuzanna"]
[Black "Hertlein, Irena"]
[Result "1/2-1/2"]
[WhiteElo "1800"]
[BlackElo "1893"]
[Annotator "NA RC"]
[PlyCount "70"]
[EventDate "2020.11.29"]
[EventType "swiss"]
[EventCountry "POL"]
[SourceTitle "playchess.com"]
[Source "ChessBase"]
[SourceQuality "1"]
[TimeControl "40/5400+30:1800+30"]

1. d4 Nf6 2. c4 e6 3. Nf3 Bb4+ 4. Nbd2 b6 5. a3 Bxd2+ 6. Qxd2 Bb7 7. e3 d6 8. Be2 Nbd7 9. O-O O-O 10. b4 Ne4 11. Qc2 f5 12. d5 Rf6 13. Nd4 Nf8 14. f3 Ng5 15. dxe6 f4 16. exf4 Ngxe6 17. Nxe6 Nxe6 18. Bd3 Nxf4 19. Bxh7+ Kh8 20. Bxf4 Rxf4 21. Be4 Bxe4 22. fxe4 Qf6 23. Rxf4 Qxf4 24. Qe2 Qe5 25. Re1 Rf8 26. Qe3 Qb2 27. Rf1 Rxf1+ 28. Kxf1 Qa1+ 29. Kf2 Qa2+ 30. Qe2 Qxa3 31. Qh5+ Kg8 32. Qd5+ Kh7 33. b5 a5 34. bxa6 Qxa6 35. g4 Qa2+ 1/2-1/2

[Event "POL Youth-ch U20 Girls 2020"]
[Site "Pokrzywna"]
[Date "2020.12.02"]
[Round "4.1"]
[White "Antolak, Julia"]
[Black "Rudzinska, Michalina"]
[Result "0-1"]
[WhiteElo "2313"]
[BlackElo "2189"]
[Annotator "RC"]
[PlyCount "65"]
[EventDate "2020.11.29"]
[EventType "swiss"]
[EventCountry "POL"]
[SourceTitle "playchess.com"]
[Source "ChessBase"]
[SourceQuality "1"]
[TimeControl "40/5400+30:1800+30"]

1. e4 {[%emt 0:00:00]} c5 {[%emt 0:00:00]} 2. Nf3 {[%emt 0:00:00]} e6 {[%emt 0:00:00]} 3. d4 {[%emt 0:00:00]} cxd4 {[%emt 0:00:00]} 4. Nxd4 {[%emt 0:00:00]} a6 {[%emt 0:00:00]} 5. Bd3 {[%emt 0:00:04]} Qc7 {[%emt 0:00:15]} 6. O-O {[%emt 0:00:32]} Nc6 {[%emt 0:00:16]} 7. Be3 {[%emt 0:03:55]} Nf6 {[%emt 0:00:16]} 8. f4 {[%emt 0:05:18]} Bc5 {[%emt 0:02:23]} 9. c3 {[%emt 0:03:10]} Qb6 {[%emt 0:08:19]} 10. Qe2 {[%emt 0:30:23]} Nxd4 {[%emt 0:03:32]} 11. cxd4 {[%emt 0:00:13]} Bxd4 {[%emt 0:00:10]} 12. Bxd4 {[%emt 0:00:05]} Qxd4+ {[%emt 0:00:06]} 13. Kh1 {[%emt 0:00:03]} b5 {[%emt 0:05:12]} 14. Nd2 {[%emt 0:08:26]} Bb7 {[%emt 0:17:13]} 15. e5 {[%emt 0:02:55]} Nd5 {[%emt 0:01:46]} 16. Ne4 {[%emt 0:03:18]} O-O {[%emt 0:01:59]} 17. Rad1 {[%emt 0:07:51]} Ne3 {[%emt 0:19:36]} 18. Nf6+ {[%emt 0:03:28]} Kh8 {[%emt 0:00:28]} 19. Be4 {[%emt 0:01:23]} Nxd1 {[%emt 0:11:00]} 20. Rxd1 {[%emt 0:00:20]} Qc4 {[%emt 0:01:04]} 21. Bd3 {[%emt 0:10:36]} Qxf4 {[%emt 0:01:19]} 22. Rf1 {[%emt 0:01:35]} Qh6 {[%emt 0:02:34]} 23. Nxh7 {[%emt 0:01:37]} Rfc8 {[%emt 0:00:30]} 24. Qg4 {[%emt 0:07:20]} Rc1 {[%emt 0:03:11]} 25. Ng5 {[%emt 0:00:04]} Rxf1+ {[%emt 0:00:06]} 26. Bxf1 {[%emt 0:00:02]} Kg8 {[%emt 0:01:55]} 27. Bd3 {[%emt 0:03:05]} Rc8 {[%emt 0:02:08]} 28. h3 {[%emt 0:00:04]} f6 {[%emt 0:02:55]} 29. Bh7+ {[%emt 0:07:13]} Kf8 {[%emt 0:00:08]} 30. exf6 {[%emt 0:00:28]} Qxf6 {[%emt 0:03:38]} 31. Qg3 {[%emt 0:00:10]} e5 {[%emt 0:02:57]} 32. Qa3+ {[%emt 0:01:43]} d6 {[%emt 0:00:45]} 33. Nf3 0-1

[Event "POL Youth-ch U20 Girls 2020"]
[Site "Pokrzywna"]
[Date "2020.12.02"]
[Round "4.2"]
[White "Kiolbasa, Oliwia"]
[Black "Malicka, Maria"]
[Result "0-1"]
[WhiteElo "2260"]
[BlackElo "2291"]
[Annotator "TA"]
[PlyCount "62"]
[EventDate "2020.11.29"]
[EventType "swiss"]
[EventCountry "POL"]
[SourceTitle "playchess.com"]
[Source "ChessBase"]
[SourceQuality "1"]

{[%evp 12,62,38,0,22,26,30,28,54,25,25,24,54,53,33,36,37,52,43,18,81,68,97,0,0,0,58,16,22,-12,0,-101,-99,-125,-101,-343,-311,-295,-217,-294,-305,-1599,-848,-1595,-1345,-3297,-3138,-2246,-2124,-2068,-1639,-1639,-1476]} 1. e4 c5 2. Nf3 d6 3. d4 cxd4 4. Nxd4 Nf6 5. Nc3 a6 6. h3 e5 7. Nb3 b5 {B90: Sicilian Najdorf: Unusual White 6th moves, 6 Be3 Ng4 and 6 Be3 e5.} 8. a4 b4 9. Nd5 Bb7 {White has an edge.} 10. Bc4 Nbd7 11. Be3 Rc8 12. Qd3 Nxd5 13. exd5 Be7 14. Bxa6 Bxa6 15. Qxa6 {[#]} O-O $146 (15... f5 $11 {keeps the balance.}) ({Predecessor:} 15... Rxc2 16. Na5 O-O 17. Nc6 Qe8 18. Qd3 Rxb2 19. O-O f5 20. Qc4 b3 21. a5 f4 {1-0 (54) Alonso,S (2506)-Muniz,R (2238) Montevideo 2012}) 16. O-O $16 Rxc2 17. Rfc1 ({White should try} 17. Na5 $16) 17... Rxb2 $11 18. Na5 Nc5 (18... Bg5 $11 19. Bxg5 Qxg5 20. Qxd6 (20. Nc4 $2 Nc5 $19) 20... Nf6) 19. Bxc5 dxc5 20. Nc4 Re2 21. Kf1 (21. Nb6 $11) 21... Re4 $17 22. d6 {[#] aiming for Qb7.} Bh4 $1 {...Qf6! is the strong threat.} 23. Re1 $2 {[#] Now White is beyond hope.} (23. Qb5 $17) 23... Qf6 $1 $19 {[%csl Gh4][%cal Rf6f2][%mdl 512]} 24. Ra2 Rxe1+ $40 {[%mdl 128] Black has strong attack.} 25. Kxe1 Qg6 {White must now prevent ...Qb1+.} 26. Re2 $2 (26. Rd2 Qxg2 27. Ne3 Qxh3 28. Qd3) 26... Qb1+ {Black is clearly winning.} 27. Kd2 b3 {( -> ...Qc2+)} 28. g3 Qc2+ 29. Ke3 Qc3+ 30. Ke4 f5+ 31. Kd5 Qd3+ {Weighted Error Value: White=0.89/Black=0.31} 0-1

[Event "POL Youth-ch U20 Girls 2020"]
[Site "Pokrzywna"]
[Date "2020.12.02"]
[Round "4.3"]
[White "Goraj, Barbara"]
[Black "Sowa, Wiktoria"]
[Result "1-0"]
[WhiteElo "2078"]
[BlackElo "2093"]
[Annotator "TA"]
[PlyCount "91"]
[EventDate "2020.11.29"]
[EventType "swiss"]
[EventCountry "POL"]
[SourceTitle "playchess.com"]
[Source "ChessBase"]
[SourceQuality "1"]

{[%evp 24,91,60,57,52,10,117,119,121,113,121,102,95,98,255,257,241,104,110,123,108,97,99,91,93,77,79,57,77,72,65,80,61,63,108,38,90,16,17,17,15,0,0,0,0,0,135,108,117,16,12,17,15,8,45,0,234,242,244,237,221,227,229,222,6099,6099,6087,6021,1677,1653]} 1. e4 c5 2. Nf3 Nc6 3. d4 cxd4 4. Nxd4 Nf6 5. Nc3 e5 6. Ndb5 d6 7. Bg5 a6 8. Na3 b5 9. Bxf6 gxf6 10. Nd5 f5 11. Bd3 Be6 12. O-O Bg7 13. Qh5 h6 {B33: Sicilian: Pelikan and Sveshnikov Variations.} 14. c4 b4 (14... fxe4 $11 {keeps the balance.} 15. Bxe4 Nd4) 15. Nc2 $16 {[#]} fxe4 $146 {White is better.} ({Predecessor:} 15... a5 16. exf5 Bxd5 17. cxd5 Nb8 18. Ne3 Nd7 19. Bb5 Kf8 20. Bxd7 Qxd7 21. Rac1 Ke7 {1-0 (45) Ye,L-Tam,T Victoria 2005}) 16. Bxe4 O-O 17. Ndxb4 Nxb4 18. Nxb4 Bxc4 $2 (18... Rc8 $16) 19. Qf5 $18 {[%csl Ge4][%cal Rf5h7]} Re8 20. Bxa8 (20. Qh7+ $1 $18 {and the rest is easy.} Kf8 21. Bxa8 Bxf1 22. Bc6 (22. Rxf1 Qxa8 23. Qd3 Qb8 $14)) 20... Qxa8 $16 21. Rfd1 a5 22. Nc2 Be6 23. Qh5 $1 Qe4 24. Ne3 d5 25. h3 d4 26. Ng4 Bd5 {[%csl Gd5][%cal Re4g2]} 27. f3 Qf4 28. Nf2 $1 Rb8 29. b3 (29. Re1 $1 $16) 29... f5 $1 $14 {[#] Hoping for ...Bf7.} 30. Qg6 ({Better is} 30. Nd3 $1 $16 {[%cal Rd3f4]} Qe3+ 31. Nf2) 30... e4 $1 $11 31. fxe4 fxe4 32. Rf1 {aiming for Ng4.} (32. Rxd4 $2 Bf7 $19) 32... Qg5 33. Qxg5 hxg5 34. Ng4 {And now Nf6+ would win.} Rb6 (34... Rd8 $11 {remains equal.}) 35. Rf5 $16 d3 36. Rd1 (36. Rxd5 $6 Bxa1 37. Kf2 Bb2 $11) (36. Rxg5 $16 {Rf1 is the strong threat.} Kh7 37. Rc1 (37. Rxd5 Bxa1 38. Kf2 Bb2 $16)) 36... Bd4+ $11 37. Kf1 Be6 38. Rxg5+ ({Much less strong is} 38. Rxa5 $6 Rb8 $16) 38... Kh7 {With the idea ...a4.} 39. Nf2 Rb7 $2 (39... Bxb3 $1 $11 40. axb3 Rf6) 40. Nxe4 $18 Rf7+ 41. Ke1 Rf4 {[#]} 42. Kd2 $1 {[%cal Rd2d3]} ({Don't do} 42. Rxd3 $6 Rxe4+ 43. Kd2 Be5 $16) 42... Rxe4 43. Kxd3 Bf6 $2 (43... Re5 44. Rxe5 (44. Kxd4 Rxg5 45. Re1 Rd5+ 46. Kc3 Bf7 $11) 44... Bxe5) 44. Rh5+ {White is clearly winning.} Kg6 45. Kxe4 Kxh5 46. Rd6 {Weighted Error Value: White=0.24/Black=0.35} 1-0

[Event "POL Youth-ch U20 Girls 2020"]
[Site "Pokrzywna"]
[Date "2020.12.02"]
[Round "4.4"]
[White "Kulpa, Zuzanna"]
[Black "Parol, Pola"]
[Result "1/2-1/2"]
[WhiteElo "1806"]
[BlackElo "2069"]
[Annotator "TA"]
[PlyCount "97"]
[EventDate "2020.11.29"]
[EventType "swiss"]
[EventCountry "POL"]
[SourceTitle "playchess.com"]
[Source "ChessBase"]
[SourceQuality "1"]

{[%evp 21,97,0,0,-9,4,0,0,-94,0,0,0,0,0,0,0,0,5,0,0,8,8,9,9,0,7,7,10,6,10,5,14,10,15,4,12,0,5,10,10,5,4,0,17,0,0,0,0,0,0,0,0,0,0,0,0,-4,0,0,0,0,17,13,46,0,0,0,0,-3,0,0,0,0,0,0,0,0,0,0]} 1. d4 Nf6 2. c4 e6 3. Nf3 d5 4. Nc3 Bb4 5. Qa4+ Nc6 6. Bg5 h6 7. Bxf6 Qxf6 8. cxd5 exd5 9. e3 O-O 10. Be2 a6 11. O-O Be6 12. Qb3 {D38: Queen's Gambit Declined: Ragozin Defence (4 Nf3 Bb4).} Rfd8 13. Ne5 {Black must now prevent Nxc6.} Bd6 {[#]} 14. Nxd5 $146 {[#]} (14. Nxc6 $11 bxc6 15. Na4) ({Predecessor:} 14. Nxc6 bxc6 15. Na4 c5 16. dxc5 d4 17. Qc2 Bf5 18. e4 Bxh2+ 19. Kxh2 Qh4+ 20. Kg1 Bxe4 {0-1 (72) Gretarsson,H (2401)-Kazakovskiy,V (2473) chess.com INT 2020}) 14... Bxd5 (14... Qh4 $1 $17 15. g3 Nxd4 16. exd4 (16. gxh4 $2 {loses.} Nxb3 17. axb3 Bxe5 $19) 16... Qxd4 {[%mdl 64] Double Attack}) 15. Qxd5 $11 Nxe5 16. dxe5 Qxe5 17. Qxe5 Bxe5 18. Rfd1 b5 19. Bf3 Rab8 20. Rac1 Rxd1+ 21. Bxd1 {[%mdl 4096] Endgame KRB-KRB} Rd8 22. Bb3 Rd2 (22... Bxb2 $6 23. Rxc7 a5 24. Bxf7+ Kf8 25. g3 $16) 23. f4 Bd6 ({Of course not} 23... Bxb2 $6 24. Rxc7 Re2 25. Rxf7 $16 (25. Bxf7+ Kh7 $16)) 24. Rc2 Rd1+ 25. Kf2 Ra1 26. Rd2 Rb1 27. Bc2 Rc1 28. Bb3 Kf8 29. g3 Ke7 30. Rd1 Rc6 31. e4 a5 {[%cal Ba6a5,Ba5a4][%mdl 32]} 32. Rd2 a4 33. Bd5 Rc1 {[#] Threatens to win with ...c6.} 34. e5 Bb4 35. Re2 Bc5+ 36. Kf3 a3 37. bxa3 Bxa3 38. Ke4 c6 39. Bb3 c5 40. Bd5 Rd1 {And now ...Rd4+ would win.} 41. Bc6 Rd4+ 42. Ke3 Rb4 {The position is equal.} 43. Rc2 Bb2 44. Kd3 c4+ 45. Ke4 c3+ 46. Kd3 Ke6 47. Re2 g5 48. Re4 Rxe4 49. Bxe4 {Weighted Error Value: White=0.10/Black=0.07} 1/2-1/2

[Event "POL Youth-ch U20 Girls 2020"]
[Site "Pokrzywna"]
[Date "2020.12.02"]
[Round "4.5"]
[White "Pawicka, Magdalena"]
[Black "Adamczyk, Zuzanna"]
[Result "1/2-1/2"]
[WhiteElo "1762"]
[BlackElo "1924"]
[Annotator "TA"]
[PlyCount "69"]
[EventDate "2020.11.29"]
[EventType "swiss"]
[EventCountry "POL"]
[SourceTitle "playchess.com"]
[Source "ChessBase"]
[SourceQuality "1"]

{[%evp 9,69,12,8,12,22,12,27,13,10,0,13,22,25,5,15,2,17,4,52,0,44,46,47,46,33,29,47,41,40,33,33,36,66,57,57,31,64,39,52,72,102,106,114,100,200,198,191,178,175,18,49,0,26,21,38,0,0,0,4,1,17,0]} 1. e4 g6 2. d4 Bg7 3. Nc3 c6 4. Be3 d5 5. h3 dxe4 6. Nxe4 {B15: Caro-Kann: 3 Nc3: 3...g6 and 3...dxe4 4 Nxe4 Nf6 5 Nxf6+ exf6.} Nf6 7. Nxf6+ exf6 8. Bc4 {White has an edge.} O-O 9. Nf3 (9. Ne2 {is more complex.} Nd7 10. Nf4 f5 11. O-O b5 12. Be2) 9... Nd7 {[%cal Bb8d7,Bd7b6,Bb6d5][%mdl 32]} 10. O-O Nb6 11. Bb3 Nd5 12. Bd2 Bf5 13. c4 {[#]} Nb6 $146 ({Predecessor:} 13... Nc7 14. Be3 Qd7 15. Re1 Rfe8 16. Qd2 Re7 17. d5 cxd5 18. cxd5 Ree8 {0-1 (39) Schneider,G (2083)-Bold,K (2062) Rheda Wiedenbrueck 2001}) 14. Bc3 (14. Ba5 $14 Qd7 15. Nh4) 14... Re8 15. Re1 Qd7 16. Qd2 Be6 17. Qd3 $1 Rad8 18. Rad1 Bf5 19. Qf1 Rxe1 20. Rxe1 g5 21. Re3 Nc8 22. d5 c5 23. Qe1 Bg6 24. Nd2 f5 25. Bxg7 Kxg7 26. Nf3 f6 {[#]} (26... Qd6 $16 {might work better.}) 27. Qc3 $1 $18 {Nxg5 is the strong threat.} h6 28. Re6 Qf7 29. Qe3 $2 (29. Bc2 $18) 29... Qf8 30. Qe1 Bf7 31. Re2 Re8 32. Ba4 Rxe2 {The position is equal.} 33. Qxe2 Nd6 34. Nd2 Qd8 35. Qe3 {Weighted Error Value: White=0.21/Black=0.14} 1/2-1/2

[Event "POL Youth-ch U20 Girls 2020"]
[Site "Pokrzywna"]
[Date "2020.12.02"]
[Round "4.6"]
[White "Budkiewicz, Magdalena"]
[Black "Kroliczek, Gabriela"]
[Result "1/2-1/2"]
[WhiteElo "1672"]
[BlackElo "1911"]
[Annotator "TA"]
[PlyCount "67"]
[EventDate "2020.11.29"]
[EventType "swiss"]
[EventCountry "POL"]
[SourceTitle "playchess.com"]
[Source "ChessBase"]
[SourceQuality "1"]

{[%evp 10,67,20,16,21,18,21,16,35,32,34,30,29,36,32,0,9,16,31,25,22,29,28,33,19,27,58,30,22,25,70,63,30,41,208,206,322,317,327,175,163,155,170,170,158,162,160,175,175,168,216,212,256,164,208,0,238,122,164,0]} 1. e4 e6 2. d4 d5 3. Nd2 c5 4. exd5 Qxd5 5. Ngf3 cxd4 6. Bc4 Qd7 {C07: French Tarrasch: 3...c5, 4 Ngf3 and 4 exd5 Qxd5.} 7. O-O Nc6 8. Nb3 Nf6 {The position is equal.} 9. Nbxd4 Nxd4 10. Nxd4 {[#] Strongly threatening Bb5.} a6 11. Bg5 Qc7 12. Bb3 Bd6 13. h3 Bd7 14. Qf3 Be5 15. Rad1 O-O 16. Rfe1 {[#]} h6 $146 ({Predecessor:} 16... Rad8 17. Qe3 Bd6 18. Bxf6 gxf6 19. Qh6 f5 20. Nf3 f6 21. Nd4 Be5 22. Nxe6 Bxe6 23. Bxe6+ Kh8 24. Rd7 {1-0 (24) Schneider,L (2365)-O'Kelly de Galway,A (2445) Sandefjord 1976}) 17. Bh4 Nh7 18. Rxe5 Qxe5 19. Qxb7 Qh5 20. Nf3 Bb5 21. c4 $36 {[%mdl 2048] White fights for an advantage.} Rab8 $2 (21... Rfb8 $14 22. Qe4 Be8) 22. Qe4 $18 Bxc4 (22... Be8 $142 23. Be7 Qa5) 23. Qxc4 ({Much less strong is} 23. Bxc4 Rxb2 24. Qd4 (24. Bxa6 Rxa2 25. Bd3 Ng5 $18) 24... Rbb8 $18) 23... a5 24. Re1 (24. Bg3 $142 Rbc8 25. Qd3) 24... Rb4 25. Qc7 {[#] Black must now prevent Be7.} Rxh4 26. g4 ({Resist} 26. Nxh4 Qxh4 27. Qxa5 Qd4 $16) 26... Rxg4+ 27. hxg4 Qxg4+ 28. Qg3 Qb4 29. Rc1 Nf6 30. Rc4 Qb7 31. Rc7 Qb6 {and if ...Ne4 works, Black does fine.} 32. Rc4 Qb7 $1 33. Rh4 (33. Ne5 $18) 33... Qc6 34. Rc4 $2 {Weighted Error Value: White=0.27/Black=0.23} (34. Kg2 $18) 1/2-1/2

[Event "POL Youth-ch U20 Girls 2020"]
[Site "Pokrzywna"]
[Date "2020.12.02"]
[Round "4.7"]
[White "Wikar, Martyna"]
[Black "Czernikowska, Laura"]
[Result "1-0"]
[WhiteElo "2171"]
[BlackElo "1508"]
[Annotator "TA"]
[PlyCount "45"]
[EventDate "2020.11.29"]
[EventType "swiss"]
[EventCountry "POL"]
[SourceTitle "playchess.com"]
[Source "ChessBase"]
[SourceQuality "1"]

{[%evp 18,44,10,6,33,8,15,-22,22,35,33,34,63,64,114,116,120,125,215,215,767,725,29990,29991,29997,29998,29998,29999,29999]} 1. e4 c5 2. Nf3 e6 3. d4 cxd4 4. Nxd4 Nc6 5. Nc3 a6 6. Nxc6 bxc6 7. Bd3 d5 8. O-O Nf6 9. Qe2 Be7 10. Bf4 Nd7 {[#] B46: Sicilian: Taimanov: 5 Nc3 a6.} 11. exd5 $146 ({Predecessor:} 11. Rfe1 Nc5 12. Rad1 Nxd3 13. Rxd3 Ra7 14. Rg3 g6 15. Bh6 f6 16. f4 Kf7 17. Rf1 f5 18. exf5 exf5 {½-½ (51) Cisko,M (2022)-Blaha,V (2107) Slovakia 2020}) 11... cxd5 12. Rfe1 {aiming for Nxd5!} Nc5 {The position is equal.} 13. Rad1 {Black must now prevent Bc4!} Ra7 14. Qh5 Nxd3 15. Rxd3 g6 16. Qh6 $1 Bf8 {[#]} 17. Qh3 $1 Be7 {[#]} (17... Bg7 $16) 18. Bh6 $1 $18 Bf6 $2 (18... f6 19. Bg7 Kf7 20. Bxh8 Qxh8) 19. Nxd5 Rd7 20. Rxe6+ {White mates.} fxe6 21. Qxe6+ {[%mdl 64] Double Attack} Qe7 22. Nxf6+ Kd8 23. Qb6# {Black got outplayed after the opening.  Weighted Error Value: White=0.05/Black=0.98} 1-0